Quizzes
Events
Quiz Creation
Community
Videos
Private Events
Remove Ads
Sign In
Join for FREE
Feedback
Dark Mode
Quiz Categories
Sports
Geography
Music
Movies
Television
Just For Fun
Miscellaneous
History
Literature
Language
Science
Gaming
Entertainment
Religion
Holiday
For Kids
Quiz Lab
Recent
Popular Today
Quiz Kudos Today
Editor Picks
Curator Picks
Quizzes by...
Day
Popularity
Type
Ratings
Length
Year
Community
Subscriptions
Recent Discussions
Orange Saloon
Badges
Playlists
Quests
Create
Leaderboards
Showdown
Live 5
Trivia Bingo
Activity
Puzzle Library
Sporcle Events
Private Events
Virtual Trivia
Globe League
Become a Host
Pub Owners
SporcleCon
Opinionation
Our Games
Videos
Blog
Mobile Apps
Partnerships
Remove Ads and Go Orange
Feedback
Sports
Athletes
MLB
NBA
NHL
NFL
Soccer
Sports Teams
WWE
NCAA
Football
Premier League
Basketball
Baseball
Hockey
Golf
Tennis
Cricket
Rugby
Auto Racing
Olympics
World Cup
Sports
Athletes
MLB
NBA
NHL
NFL
Soccer
Sports Teams
WWE
NCAA
Football
Premier League
Basketball
Baseball
Hockey
Golf
Tennis
Cricket
Rugby
Auto Racing
Olympics
World Cup
Random Quiz
Search Sporcle
×
Quiz Lab
Quiz Lab
Sports
NCAA
Type in answers that appear in a list
Type in answers that appear in a list
Classic
Best Score? Go Orange.
Pittsburgh Panthers Football Opponents (2000-) Stats
Can you name the schools the Pittsburgh Panthers have played in football since 2000?
By
guide
8m
149 Questions
2,496 Plays
2,496 Plays
2,496 Plays
Comments
Comments
Give Quiz Kudos
Give Quiz Kudos
-
- Ratings
hide this ad
Replay
Link that replays current quiz
Next Quiz
Link to next quiz in quiz playlist
You Got
0%
They Got
Avg Score
73%
Avg Friend Score
Upgrade to see
Score Distribution
Jump to the score distribution portion of the page
Score
0/149
Timer
08:00
0
Plays Today
Year
School
% Correct
2000 (7-
5)
West Virginia
91.2%
2001 (7-
5)
West Virginia
91.2%
2002 (9-
4)
West Virginia
91.2%
2003 (8-
5)
West Virginia
91.2%
2004 (8-
4)
West Virginia
91.2%
2005 (6-
6)
West Virginia
91.2%
2006 (6-
6)
West Virginia
91.2%
2007 (5-
7)
West Virginia
91.2%
2008 (9-
4)
West Virginia
91.2%
2009 (10-
3)
West Virginia
91.2%
2010 (8-
5)
West Virginia
91.2%
2011
West Virginia
91.2%
2000 (7-
5)
Syracuse
91.1%
2001 (7-
5)
Syracuse
91.1%
2002 (9-
4)
Syracuse
91.1%
2003 (8-
5)
Syracuse
91.1%
2004 (8-
4)
Syracuse
91.1%
2005 (6-
6)
Syracuse
91.1%
2006 (6-
6)
Syracuse
91.1%
2007 (5-
7)
Syracuse
91.1%
2008 (9-
4)
Syracuse
91.1%
2009 (10-
3)
Syracuse
91.1%
2010 (8-
5)
Syracuse
91.1%
2011
Syracuse
91.1%
2000 (7-
5)
Miami
89.5%
2001 (7-
5)
Miami
89.5%
2002 (9-
4)
Miami
89.5%
2003 (8-
5)
Miami
89.5%
2010 (8-
5)
Miami
89.5%
2003 (8-
5)
Virginia
89.2%
2006 (6-
6)
Virginia
89.2%
2007 (5-
7)
Virginia
89.2%
2000 (7-
5)
Penn State
88.6%
2000 (7-
5)
Virginia Tech
85.5%
2001 (7-
5)
Virginia Tech
85.5%
2002 (9-
4)
Virginia Tech
85.5%
2003 (8-
5)
Virginia Tech
85.5%
2000 (7-
5)
North Carolina
85.3%
2001 (7-
5)
Notre Dame
85.3%
2002 (9-
4)
Notre Dame
85.3%
2003 (8-
5)
Notre Dame
85.3%
2004 (8-
4)
Notre Dame
85.3%
2005 (6-
6)
Notre Dame
85.3%
2008 (9-
4)
Notre Dame
85.3%
2009 (10-
3)
Notre Dame
85.3%
2009 (10-
3)
North Carolina
85.3%
2010 (8-
5)
Notre Dame
85.3%
2011
Notre Dame
85.3%
2000 (7-
5)
Rutgers
84.1%
2001 (7-
5)
Rutgers
84.1%
Year
School
% Correct
2002 (9-
4)
Rutgers
84.1%
2003 (8-
5)
Rutgers
84.1%
2004 (8-
4)
Rutgers
84.1%
2005 (6-
6)
Rutgers
84.1%
2006 (6-
6)
Rutgers
84.1%
2007 (5-
7)
Rutgers
84.1%
2008 (9-
4)
Rutgers
84.1%
2009 (10-
3)
Rutgers
84.1%
2010 (8-
5)
Rutgers
84.1%
2011
Rutgers
84.1%
2000 (7-
5)
Boston College
83.7%
2001 (7-
5)
Boston College
83.7%
2002 (9-
4)
Boston College
83.7%
2003 (8-
5)
Boston College
83.7%
2004 (8-
4)
Boston College
83.7%
2004 (8-
4)
Connecticut
83.6%
2005 (6-
6)
Connecticut
83.6%
2006 (6-
6)
Connecticut
83.6%
2007 (5-
7)
Connecticut
83.6%
2008 (9-
4)
Connecticut
83.6%
2009 (10-
3)
Connecticut
83.6%
2010 (8-
5)
Connecticut
83.6%
2011
Connecticut
83.6%
2005 (6-
6)
Ohio
83.2%
2002 (9-
4)
Ohio
83.2%
2004 (8-
4)
Ohio
83.2%
2005 (6-
6)
Louisville
83.1%
2006 (6-
6)
Louisville
83.1%
2007 (5-
7)
Louisville
83.1%
2008 (9-
4)
Louisville
83.1%
2009 (10-
3)
Louisville
83.1%
2010 (8-
5)
Louisville
83.1%
2011
Louisville
83.1%
2005 (6-
6)
Cincinnati
79.4%
2006 (6-
6)
Cincinnati
79.4%
2007 (5-
7)
Cincinnati
79.4%
2008 (9-
4)
Cincinnati
79.4%
2009 (10-
3)
Cincinnati
79.4%
2010 (8-
5)
Cincinnati
79.4%
2011
Cincinnati
79.4%
2000 (7-
5)
Temple
74.1%
2001 (7-
5)
Temple
74.1%
2002 (9-
4)
Temple
74.1%
2003 (8-
5)
Temple
74.1%
2004 (8-
4)
Temple
74.1%
2001 (7-
5)
South Florida
73.6%
2004 (8-
4)
South Florida
73.6%
2005 (6-
6)
South Florida
73.6%
2006 (6-
6)
South Florida
73.6%
2007 (5-
7)
South Florida
73.6%
Year
School
% Correct
2008 (9-
4)
South Florida
73.6%
2009 (10-
3)
South Florida
73.6%
2010 (8-
5)
South Florida
73.6%
2011
South Florida
73.6%
2006 (6-
6)
Michigan State
69.5%
2007 (5-
7)
Michigan State
69.5%
2001 (7-
5)
North Carolina State
68.8%
2009 (10-
3)
North Carolina State
68.8%
2008 (9-
4)
Iowa
66.9%
2011
Iowa
66.9%
2004 (8-
4)
Utah
66.4%
2010 (8-
5)
Utah
66.4%
2011
Utah
66.4%
2010 (8-
5)
Kentucky
64.1%
2007 (5-
7)
Navy
63.3%
2008 (9-
4)
Navy
63.3%
2009 (10-
3)
Navy
63.3%
2002 (9-
4)
Oregon State
61.6%
2008 (9-
4)
Oregon State
61.6%
2008 (9-
4)
Buffalo
57.9%
2009 (10-
3)
Buffalo
57.9%
2011
Buffalo
57.9%
2002 (9-
4)
Toledo
56.7%
2003 (8-
5)
Toledo
56.7%
2006 (6-
6)
Toledo
56.7%
2000 (7-
5)
Bowling Green
53.1%
2008 (9-
4)
Bowling Green
53.1%
2000 (7-
5)
Iowa State
52.9%
2002 (9-
4)
Texas A&M
52.8%
2003 (8-
5)
Texas A&M
52.8%
2006 (6-
6)
Central Florida
52.2%
2004 (8-
4)
Nebraska
51.4%
2005 (6-
6)
Nebraska
51.4%
2000 (7-
5)
Kent State
46.5%
2003 (8-
5)
Kent State
46.5%
2007 (5-
7)
Eastern Michigan
45.5%
2011
Southern Methodist
43.8%
2005 (6-
6)
Youngstown State
40.1%
2009 (10-
3)
Youngstown State
40.1%
2003 (8-
5)
Ball State
39.9%
2010 (8-
5)
Florida International
31.4%
2011
Maine
25.6%
2001 (7-
5)
Alabama-Birmingham
24.9%
2002 (9-
4)
Alabama-Birmingham
24.9%
2010 (8-
5)
New Hampshire
19.3%
2004 (8-
4)
Furman
15.1%
2006 (6-
6)
Citadel
14.9%
2001 (7-
5)
East Tennessee State
8.5%
2007 (5-
7)
Grambling State
8.4%
Quiz Playlist
Details
Report
Send in Message
Add To Playlist
Classic:
Type in answers that appear in a list
Last Updated: Feb 16, 2017
Quiz Scoreboard
CHALLENGE
Sign Up to Join the Scoreboard
Show All
Scores
Hide
Comments
May contain spoilers
Recently Published
9x9 Crossword: Cartoon Network
by jackfrog10
Miscellaneous
3m
College Basketball Coaching Resumes
by pancakes188
Sports
9m
Billboard Blitz: Fleetwood Mac
by CooCooCachoo
Music
15s
More to Explore
Quiz From the Vault
Featured Blog Post
Where Did the Easter Bunny Come From?
hide this ad
You Might Also Like...
Tags
Football Quiz
NCAA Quiz
Football Opponents
NCAA Football
pittsburgh
Pittsburgh Sports
Today's Top Quizzes in Sports
Browse Sports
hide this ad
Today's Top Quizzes in NCAA
Browse NCAA
Top Contributed Quizzes in Sports
1
2022 World Cup Stars
2
Les meilleurs buteurs des matchs entre le PSG et l’OM
3
FIFA Club World Cup Champions
4
Les entraîneurs de l'OM et du PSG au 21e siècle
5
Criteria MLB: Left Handed Sluggers
6
AFC Teams Reveal (Wrong Answers Minefield)
7
2023 MLB Unique Player Accomplishments
8
5-to-1: FBS Animal Nicknames
9
Players with Multiple 50 Home Run Seasons
10
5-to-1: UK Sports Teams
Explore More
Trending Topics
Kpop
Disney
Harry Potter
NBA
Marvel
Crossword
Anime
NFL
Soccer
Country
Pokémon
Puzzle
WWE
The Office
Song
hide this ad
More By:
guide
Quiz
Plays
Rating
Category
Featured
Created
Top 100 UEFA Clubs
426,975
3.41
Sports
Apr 3, 2011
Premier League 50+ Appearances: Manchester United
203,775
4.40
Sports
May 6, 2011
Big 4 Safe Cracker: Last Five Champions
175,418
3.80
Sports
Apr 8, 2011
4-Letter Safe Cracker
174,019
3.26
Just For Fun
Apr 11, 2011
European Cup Winners
147,406
4.20
Sports
Mar 29, 2012
Go to Creator's Profile
Score Distribution
Quiz Creator Spotlight
guide
Follow
Send a Message
Quizzes Created
-
Created Quiz Play Count
-
More By This Creator
Popular Quizzes Today
1
Find the US States - No Outlines Minefield
2
Find the Countries of Europe - No Outlines Minefield
3
The Countries of the World
4
Find the US States
5
Risky Map Clicking: Biggest States A-Z
6
US States
7
Popular People in 1961
8
Movies - When Are They Set?
More Sports Quizzes
Bracket Click: UEFA Champions League (2016)
Quiz Lab
Trending Quizzes
Risky Map Clicking: Least Populous States A-Z
1-10 Letter G Words
1-10 Letter F Words
Risky Map Clicking: Next State Alphabetically
Adjectives in 80s TV Shows
Recently Updated
Leaping Animals
pecheneg
Reality TV Shows (A-Z)
bhenderson79
Rickey Henderson's Hall of Fame Teammates
pecheneg
Champions League XIs: Arsenal
pecheneg
Quick Pick: Celebrities in WWE's Hall of Fame
aduchscher
A-Z Keypad Blitz II
pecheneg
Multiple Oscar Actors
pecheneg
Mystery Phrase Blitz: Oscar 'Best Actors'
pecheneg
F. Scott Fitzgerald Novels
LTH
Pick 3 Villains
ddd62291
Trending Topics
Harry Potter
Anime
Marvel
NBA
Disney
Crossword
Kpop
Puzzle
Country
Soccer
NFL
Song
The Office
WWE
Pokémon
Your Account Isn't Verified!
In order to create a playlist on Sporcle, you need to verify the email address you used during registration. Go to your
Sporcle Settings
to finish the process.
Report this User
Report this user for behavior that violates our
Community Guidelines
.
Details:
Send Report
Go to the Sporcle.com Mobile Site →
Comments